00357 a2200121 4500001000700000020000600007040001100013100003800024240007900062245007400141362000900215440001100224165643 a  cMagnum aAlencar, Eunice Soriano de (Org.)10aNovas contribuicoes da psicologia aos processos de ensino e aprend...lpor10aNovas contribuicoes da psicologia aos processos de ensino e aprend...0 a1899 1aCortez